Funktionskennungen nach OPTA Feuerwehr Niedersachsen - Statistiken

Allgemein
  • Dieses Quiz wurde 17 mal gespielt
  • Das Durchschnittsergebnis liegt bei 2 aus 100
Antwortstatistiken
Nummer Antwort % Korrekt
00 Ortsfeste Funkstelle
63%
01 Leiter der Organisation
38%
02 Stellvertretender Leiter der Organisation
38%
16 Mannschaftstransportwagen MTW
19%
04 Sonstige Leitfunktionen
13%
10 Kommandowagen KdoW
6%
71 ABC/CBRN Erkennungskraftwagen GW GW-ABC
0%
80 Arztbesetzte Luftfahrzeuge RTH
0%
86 Baby Notarztwagen NAW
0%
33 Drehleiter DL23/12 DLA23/12 DLA18/12 DLA12/9
0%
31 Drehleiter Korb >18m DLK18/12 DLAK18/12
0%
30 Drehleiter Korb >23m DLK23/12 DLAK23/12
0%
32 Drehleiter Korb <18m DLK12/9 DLAK12/9
0%
11 Einsatzleitwagen 1 ELW1
0%
12 Einsatzleitwagen 2 ELW2
0%
09 Fachberater Sonstiges
0%
14 Fernmeldedienst TEL
0%
53 Feuerwehrkran
0%
56 Gerätewagen Atemschutz GWA
0%
74 Gerätewagen Betreuung GW
0%
72 Gerätewagen Dekontamination Personen GW-Dekon-P
0%
73 Gerätewagen Gefahrgut GW
0%
55 Gerätewagen Licht Gerätewagen Strom GWL GW
0%
68 Gerätewagen Logistik 2 GWL KatS
0%
95 Gerätewagen ManV GW ManV
0%
70 Gerätewagen Messtechnik GW-Mess
0%
64 Gerätewagen Nachschub Gerätewagen Logistik GW GWL
0%
59 Gerätewagen Rettungshunde Sonstige Gerätewagen GW
0%
96 Gerätewagen Sanität GW RD
0%
57 Gerätewagen Tauchen GWT GW
0%
75 Gerätewagen Technik GW
0%
76 Gerätewagen Verpflegung Küchenwagen GW GW-Küche
0%
54 Gerätewagen Wassergefahren Technik Rüstwagen sonstige GW RW
0%
58 Gerätewagen Wasserrettung GW
0%
88 Großraumrettungswagen Großraumkrankentransportwagen GRTW GKTW
0%
27 Großtanklöschfahrzeug >6000l Wasser FLF
0%
46 Hilfeleistungslöschgruppenfahrzeug HLF10/6 HLF10
0%
48 Hilfeleistungslöschgruppenfahrzeug HLF16 HLF16/12 HLF20/16 HLF20
0%
38 Hubarbeitsbühne Teleskopgelenkmast >23m
0%
37 Hubarbeitsbühne Teleskopgelenkmast <23m
0%
36 Hubfahrzeug
0%
97 Infektions Krankentransportwagen KTW
0%
87 Intensivtransportwagen ITW
0%
63 Kleinlastwagen
0%
60 Kombinationskraftwagen Logistik
0%
15 Kombinationskraftwagen UAV
0%
03 Kontingentführung
0%
18 Kraftomnibus
0%
98 Krankentransport geländegängig KTW
0%
92 Krankentransportwagen KTW
0%
94 Krankentransportwagen Typ-B KTW KTW-B
0%
07 Leitender Notarzt
0%
44 Löschgruppenfahrzeug KatS LF16TS LF20KatS LF KatS
0%
47 Löschgruppenfahrzeug LF16 LF16/12 LF20/16 LF20
0%
45 Löschgruppenfahrzeug LF8/6 LF10/6 LF10
0%
43 Löschgruppenfahrzeug ohne Wassertank LF8
0%
17 Mannschaftstransportwagen MTW
0%
99 Mannschaftstransportwagen multifunktional MTW
0%
77 Mehrzweckboot Hochwasserschutzboot
0%
34 | 35 | 91 nicht belegt
0%
82 Notarzteinsatzfahrzeug NEF
0%
81 Notarztwagen NAW
0%
93 Notfallkrankenwagen KTW
0%
08 Organisatorischer Leiter Rettungsdienst
0%
78 Rettungsboot
0%
85 Rettungswagen RD KatS RTW
0%
83 Rettungswagen RTW
0%
84 Rettungswagen temporär RTW
0%
51 Rüstwagen 1 Gerätewagen Logistik technische Hilfe RW GW
0%
52 Rüstwagen 2 RW2
0%
62 Schlauchwagen 2000 Schlauchwagen KatS GW Logistik Schlauch SW2000 SW Kats GWS GW
0%
61 Schlauchwagen 500 Schlauchwagen 1000 GW Logistik Schlauch SW500 SW1000 GWS GW
0%
28 Sonderlöschfahrzeug
0%
19 Sonstige ELW MTW
0%
79 Sonstige Fahrzeuge Reservefunkgeräte Krad
0%
39 Sonstige Hubrettungsfahrzeuge
0%
05 | 06 Sonstige Leitfunktionen
0%
69 Sonstige Logistikfahrzeuge
0%
49 Sonstige Löschfahrzeuge
0%
89 Sonstige Rettungsmittel
0%
29 Sonstige Tanklöschfahrzeuge TLF
0%
42 Staffellöschfahrzeug StLF10/6 MLF
0%
26 Tanklöschfahrzeug >3000l Wasser Trupp Sondermittel TLF24/50 TLF20/40SL TLF4000
0%
25 Tanklöschfahrzeug >3000l Wasser Trupp TLF24/50 TLF20/40 TLF4000
0%
20 Tanklöschfahrzeug <2000l Wasser TLF8/18 TLF2000
0%
24 Tanklöschfahrzeug <3000l Wasser Staffel Hilfeleistung TLF16/25
0%
23 Tanklöschfahrzeug <3000l Wasser Staffel TLF16/25
0%
22 Tanklöschfahrzeug <3000l Wasser Trupp Hilfeleistung TLF16/24 TLF3000 Trupp
0%
21 Tanklöschfahrzeug <3000l Wasser Trupp TLF16/24 TLF3000
0%
13 teilstationäre Führungsmittel TEL
0%
40 Tragkraftspritzenfahrzeug TSF
0%
41 Tragkraftspritzenfahrzeug Wasser TSF-W
0%
50 Vorausrüstwagen Kleinalarmfahrzeug VRW
0%
90 Vorübergehende Einrichtungen RD
0%
65 Wechselladefahrzeug 5500
0%
66 Wechselladefahrzeug 6500
0%
67 Wechselladefahrzeug Kran
0%
Keine übereinstimmenden Quizze gefunden
Verteilung der Resultate
Anzahl Personen mit jedem Resultat
Perzentil nach korrekt beantworteten Fragen
Ihre Resultats-Entwicklung
Sie haben dieses Quiz noch nicht gespielt